000 00546nam a2200193Ia 4500
005 20250326140958.0
008 250326s9999 xx 000 0 und d
020 _a81-7629-176-5
037 _aTextbook
040 _aFMSL
_beng
_cFMSL
041 _aeng
_2eng
084 _aX8(A):6 N9
_qFMSL
100 _aSeth V K
245 0 _aCapacity utilisation in industrial: theory and evidence
_cSeth V K
260 _aNew Delhi
_bNew Delhi, Deep & Deep
_c1999
300 _a204p
942 _cTB
_hX8(A):6 N9
999 _c1288135
_d1288135